000 00203nam a22000857a 4500
999 _c10997
_d10997
008 180713b ||||| |||| 00| 0 eng d
100 _aWilde.O.
_92090
245 _aThe Centerville Ghost
260 _aNew Delhi